| 000 | 00404nam a2200133Ia 4500 | ||
|---|---|---|---|
| 008 | 231129s1984||||xx |||||||||||||| ||spa|| | ||
| 020 | _a84-226-1679-3 | ||
| 040 | _bspa | ||
| 082 | _a746.44 P984p | ||
| 245 | 0 | _aPunto y media: ilustrada con más de 90 muestras en color | |
| 260 | _c1984 | ||
| 264 | _aBarcelona España : Círculo de Lectores | ||
| 942 |
_2ddc _cBKS |
||
| 999 |
_c23565 _d23565 |
||